[Event "Apsap op"]
[Site "Paris"]
[Date "1993.??.??"]
[Round "8"]
[White "Gouret, Thierry"]
[Black "Godard, Maxence"]
[Result "1-0"]
[WhiteElo "2255"]
[BlackElo "2220"]

1.e4 c5 2.Nf3 Nc6 3.Bb5 e6 4.O-O Nge7 5.Re1 a6 6.Bf1 Ng6 7.c3 Be7 8.d4 cxd4
9.cxd4 d5 10.exd5 exd5 11.Bg5 O-O 12.Bxe7 Ngxe7 13.Nbd2 Bg4 14.Qb3 Qd6 15.Rac1 Bf5
16.Qb6 Rfd8 17.g3 h6 18.Bg2 Be6 19.Nb3 Rab8 20.Ne5 Kf8 21.f4 Nxe5 22.Qxd6 Rxd6
23.dxe5 Rc6 24.Nd4 Rxc1 25.Rxc1 Rc8 26.Rxc8+ Bxc8 27.Kf2 g5 28.Ke3 f6 29.exf6 Ng8
30.fxg5 hxg5 31.Bxd5 Nxf6 32.Be6 Bxe6 33.Nxe6+ Ke7 34.Nxg5 Ng4+ 35.Kf4 Nxh2
36.Ne4 b6 37.Nd2 Kd6 38.g4 Kd5 39.g5  1-0

[Event "Peristeri"]
[Site "Peristeri"]
[Date "1993.??.??"]
[Round "6"]
[White "Yandemirov, Valeri"]
[Black "Frendzas, Panayotis"]
[Result "1/2-1/2"]
[WhiteElo "2490"]
[BlackElo "2345"]

1.e4 c5 2.Nf3 Nc6 3.Bb5 g6 4.O-O Bg7 5.c3 e5 6.d4 cxd4 7.cxd4 exd4 8.Bf4 Nge7
9.Bd6 O-O 10.Nbd2 a6 11.Bd3 h6 12.e5 Re8 13.Rc1 Nd5 14.Bxg6 Nf4 15.Bb1 Nxe5
16.Bxe5 Bxe5 17.Nxe5 Rxe5 18.Nf3 d6 19.Kh1 Rc5 20.Qxd4 Ne2 21.Bh7+ Kxh7 22.Qd3+ Bf5
23.Qxe2 Qf6 24.b4 Rxc1 25.Rxc1 Rc8 26.Rxc8 Bxc8 27.Qe4+ Bf5 28.Qxb7 Qa1+
29.Ng1 Qxa2 30.h3 Qc4 31.Qb6 Qd3 32.Kh2 Be4 33.Qe3 Qxe3 34.fxe3 Kg6 35.Ne2 Kf5
36.Kg3 Ke5 37.Nc3 Bc6 38.Kf2 d5 39.Ne2 Ke4 40.Nd4 Bb5 41.g4 Bd7 42.Nb3 Bc8
43.Nc5+ Ke5 44.Kf3 f5 45.gxf5 Bxf5 46.h4 Bc8 47.Nd3+ Kf5 48.Nc5 Ke5 49.Nd3+ Kf5  1/2-1/2

[Event "Pinsk-B"]
[Site "Pinsk"]
[Date "1993.??.??"]
[Round "2"]
[White "Zapolskis, Antanas"]
[Black "Belikov, Vladimir"]
[Result "0-1"]
[WhiteElo "2335"]
[BlackElo "2460"]

1.e4 c5 2.Nf3 Nc6 3.Bb5 e6 4.O-O Nge7 5.b3 a6 6.Bxc6 Nxc6 7.Bb2 b5 8.a4 b4
9.d4 cxd4 10.Nxd4 Qf6 11.Ra2 Nxd4 12.Bxd4 Qg6 13.Nd2 Bb7 14.Qe2 Be7 15.f4 f5
16.Rf3 Qh5 17.Bxg7 Rg8 18.Be5 d6 19.Ba1 Rc8 20.Rf2 Qg6 21.exf5 Qxf5 22.Nf1 Bh4
23.Rf3 Bxf3 24.Qxf3 Rxc2 25.Rxc2 Qxc2 26.Bd4 d5 27.g3 Be7 28.Bf2 Qe4 29.Qh5+ Kd7
30.Nd2 Qg6 31.Qe2 Ra8 32.Nf3 Qb1+ 33.Kg2 Qe4 34.Qf1 Ke8 35.Qd1 Rc8 36.Kg1 Rc2
37.Ne1 Rc3 38.Bd4 Qxd4+ 39.Qxd4 Bc5 40.Qxc5 Rxc5 41.Nd3 Rc3 42.Nxb4 a5  0-1

[Event "Podgorica"]
[Site "Podgorica"]
[Date "1993.??.??"]
[Round "2"]
[White "Poluljahov, Aleksandr"]
[Black "Ivanovic, Bozidar"]
[Result "1-0"]
[WhiteElo "2515"]
[BlackElo "2470"]

1.e4 c5 2.Nf3 Nc6 3.Bb5 g6 4.Bxc6 bxc6 5.O-O Bg7 6.Re1 f6 7.c3 Nh6 8.d4 cxd4
9.cxd4 Nf7 10.Nc3 O-O 11.b3 d6 12.Bb2 Bd7 13.Qd3 Rc8 14.Rad1 Qa5 15.Nd2 Bh6
16.Nc4 Qh5 17.Bc1 Bxc1 18.Rxc1 Ng5 19.Qe3 f5 20.exf5 Rxf5 21.Ne2 Rf7 22.Ng3 Qh4
23.Na5 Rcf8 24.Rf1 Rf3 25.Qe2 R3f7 26.Qc4 d5 27.Qc5 Bg4 28.Nxc6 Bf3 29.Ne5 Bxg2
30.Kxg2 Rxf2+ 31.Rxf2 Rxf2+ 32.Kxf2 Ne4+ 33.Kg2 Nxc5 34.Nf3 Qf4 35.Rxc5 h5
36.h4 Qf7 37.Ne5 Qf6 38.Rc6 e6 39.Kh3 g5 40.hxg5 Qxg5 41.Rxe6 Qc1 42.Kh4 Qf4+
43.Kxh5 a5 44.Rg6+ Kh8 45.Rg4 Qf6  1-0

[Event "RUS-chT"]
[Site "Podolsk"]
[Date "1993.??.??"]
[Round "?"]
[White "Matros, Alexander"]
[Black "Obodchuk, Andrei"]
[Result "0-1"]
[WhiteElo "2365"]
[BlackElo "2365"]

1.e4 c5 2.Nf3 Nc6 3.Bb5 g6 4.Bxc6 dxc6 5.h3 Bg7 6.d3 b6 7.Nc3 Nh6 8.Be3 f6
9.Qd2 Nf7 10.O-O-O e5 11.h4 Bg4 12.Rdf1 Qd7 13.Ne1 O-O-O 14.h5 Be6 15.b3 f5
16.Bg5 Nxg5 17.Qxg5 Qf7 18.Qe3 Bf6 19.Nf3 f4 20.hxg6 Qxg6 21.Qe2 h5 22.Rh2 h4
23.Rfh1 Rh5 24.Nxh4 Bxh4 25.Rxh4 Rxh4 26.Rxh4 f3 27.Qe3 fxg2 28.Ne2 g1=Q+
29.Nxg1 Qxg1+ 30.Kb2 Qg7 31.a4 Rh8 32.Rxh8+ Qxh8 33.Qg5 Bd7 34.Kb1 Kc7 35.f4 exf4
36.Qxf4+ Kc8 37.Qd6 Qd4 38.Qf8+ Kb7 39.Qf7 a5 40.Qe7 Kc7 41.Ka2 Qd6 42.Qg7 b5
43.axb5 cxb5 44.Qc3 Kb6 45.Qh8 Be6 46.e5 Qc6 47.Kb2 Ka6 48.Qb8 Bd7 49.Kc1 Bc8
50.Kb2 Be6 51.Kc1 b4 52.Kb2 Bd7 53.Kb1 Qd5 54.Kb2 Bc6 55.Qc8+ Bb7 56.Qc7 Qc6
57.Qb8 Qd7 58.Kb1 Qe7 59.Kc1 Kb6 60.Kb1 Kc6 61.Kc1 Kd5 62.Qh8 Kc6 63.Qb8 Kb5
64.Kb2 Ka6 65.Kc1 Qd7 66.Kb1 a4 67.bxa4 Qxa4 68.e6 b3 69.Qd6+ Bc6 70.cxb3 Qxb3+
71.Kc1 Qd5 72.Qf8 Qe5 73.Qc8+ Kb5 74.Kc2 Qd6 75.Kc3 Kb6 76.Qh8 Qxe6 77.Qd8+ Kb5
78.Qb8+ Ka6 79.Qc7 Qe1+ 80.Kb3 Qb4+  0-1

[Event "RUS-chT"]
[Site "Podolsk"]
[Date "1993.??.??"]
[Round "?"]
[White "Kalegin, Evgenij"]
[Black "Obodchuk, Andrei"]
[Result "1-0"]
[WhiteElo "2355"]
[BlackElo "2365"]

1.e4 c5 2.Nf3 Nc6 3.Bb5 e6 4.O-O Nge7 5.Nc3 a6 6.Bxc6 Nxc6 7.d4 cxd4 8.Nxd4 d6
9.Nxc6 bxc6 10.Qg4 Rb8 11.Rd1 Bd7 12.b3 f6 13.Qh5+ g6 14.Qe2 Qc8 15.e5 fxe5
16.Ne4 d5 17.Nf6+ Kf7 18.Qxe5 Bg7 19.Rd3 Qd8 20.Rf3 Qxf6 21.Bb2  1-0

[Event "RUS-chT"]
[Site "Podolsk"]
[Date "1993.??.??"]
[Round "?"]
[White "Shtyrenkov, Veniamen"]
[Black "Ivanov, Alexey"]
[Result "1-0"]
[WhiteElo "2465"]
[BlackElo "2505"]

1.e4 c5 2.Nf3 Nc6 3.Bb5 d6 4.d4 cxd4 5.Qxd4 Bd7 6.Bxc6 bxc6 7.e5 Qb6 8.Qc3 d5
9.Be3 Qa6 10.Bc5 h5 11.Nbd2 Nh6 12.Nd4 Nf5 13.N2f3 Nxd4 14.Nxd4 Rh6 15.a3 Rg6
16.g3 Qc8 17.O-O-O a5 18.f3 a4 19.Rhe1 Bf5 20.Ne2 Rh6 21.Rd4 g5 22.Rb4 Bg7
23.Nd4 Kf8 24.Rb6 Bd7 25.Qb4 Qe8 26.Rb7 Kg8 27.Bxe7 Rc8 28.f4  1-0

[Event "RUS-chT"]
[Site "Podolsk"]
[Date "1993.??.??"]
[Round "?"]
[White "Shtyrenkov, Veniamen"]
[Black "Lisenko, Alexander V"]
[Result "1-0"]
[WhiteElo "2465"]
[BlackElo "2400"]

1.e4 c5 2.Nf3 Nc6 3.Bb5 Na5 4.c3 a6 5.Be2 d6 6.d4 cxd4 7.cxd4 g6 8.Bd2 Bd7
9.Bc3 Bg7 10.Qd2 Nc6 11.d5 Ne5 12.Nxe5 dxe5 13.Na3 Nf6 14.Qe3 b5 15.Bxe5 Ng4
16.Bxg4 Bxe5 17.Bxd7+ Qxd7 18.O-O-O f5 19.Kb1 f4 20.Qe2 O-O 21.f3 Rfc8 22.Qd3 Qa7
23.Qd2 Rc7 24.Nc2 a5 25.Nd4 Bxd4 26.Qxd4 Qxd4 27.Rxd4 Rac8 28.Rhd1 Rc2 29.R4d2 R2c5
30.d6 e6 31.d7 Rd8 32.Rc2 Rxc2 33.Kxc2 Kf7 34.Kb3 Ke7 35.a4 bxa4+ 36.Kxa4 g5
37.h3 h6 38.Rd2 h5 39.Rd3 e5 40.Rd5 Ke6 41.Kxa5  1-0

[Event "RUS-chT"]
[Site "Podolsk"]
[Date "1993.??.??"]
[Round "?"]
[White "Yandemirov, Valeri"]
[Black "Selivjorstov, Albert"]
[Result "0-1"]
[WhiteElo "2465"]
[BlackElo "2335"]

1.e4 c5 2.Nf3 Nc6 3.Bb5 e6 4.O-O Nge7 5.b3 a6 6.Bxc6 Nxc6 7.Bb2 Qc7 8.d4 cxd4
9.Nxd4 Nxd4 10.Qxd4 f6 11.Ba3 b6 12.Bxf8 Rxf8 13.Nd2 Qc5 14.Qd3 b5 15.Rfd1 Ke7
16.a4 Bb7 17.Nc4 Rad8 18.Nd6 Bc6 19.a5 Rh8 20.c3 Rb8 21.b4 Qe5 22.Qe3 g5
23.Rd2 h5 24.Rad1 h4 25.Qa7 Rbd8 26.Qxa6 h3 27.g3 Qxc3 28.Rd3 Qxb4 29.Qb6 Ra8
30.a6 Rhd8 31.a7 Bxe4 32.Rd4 Qa3 33.Nxe4 Qf3 34.Kf1 g4  0-1

[Event "Polanica Zdroj op"]
[Site "Polanica Zdroj"]
[Date "1993.??.??"]
[Round "2"]
[White "Przedmojski, Rafal"]
[Black "Yagupov, Igor"]
[Result "1/2-1/2"]
[WhiteElo "2310"]
[BlackElo "2425"]

1.e4 c5 2.Nf3 Nc6 3.Bb5 d6 4.O-O Bd7 5.Re1 Nf6 6.c3 a6 7.Bf1 e5 8.h3 Be7
9.d4 Qc7 10.Na3 O-O 11.Nc2 cxd4 12.cxd4 exd4 13.Ncxd4 d5 14.exd5 Nxd5 15.Qb3 Qa5
16.Nxc6 Bxc6 17.Bd2 Bb4 18.Bxb4 Qxb4 19.Bc4  1/2-1/2

[Event "Polanica Zdroj op"]
[Site "Polanica Zdroj"]
[Date "1993.??.??"]
[Round "3"]
[White "Malisauskas, Vidmantas"]
[Black "Swiatlowski, Lukasz"]
[Result "1-0"]
[WhiteElo "2540"]
[BlackElo "2095"]

1.e4 c5 2.Nf3 Nc6 3.Bb5 g6 4.O-O Bg7 5.Re1 e5 6.Bxc6 dxc6 7.d3 Ne7 8.a3 O-O
9.b4 cxb4 10.axb4 Qc7 11.Nbd2 f6 12.d4 Kh8 13.dxe5 fxe5 14.Bb2 Be6 15.Ra5 b6
16.Bxe5 Bxe5 17.Rxe5 Bg4 18.Qa1 Kg8 19.h3 Bxf3 20.Nxf3 Nc8 21.Ng5 Nd6 22.Qa2+ Nf7
23.Re6 Rae8 24.Ra1 Kg7 25.Rxe8 Rxe8 26.Qxa7  1-0

[Event "Polanica Zdroj op"]
[Site "Polanica Zdroj"]
[Date "1993.??.??"]
[Round "3"]
[White "Przedmojski, Rafal"]
[Black "Lukasiewicz, Anna"]
[Result "1-0"]
[WhiteElo "2310"]
[BlackElo "2120"]

1.e4 c5 2.Nf3 Nc6 3.Bb5 e6 4.O-O Nge7 5.b3 Nd4 6.Nxd4 cxd4 7.c3 a6 8.Bd3 Nc6
9.Bb2 Bc5 10.b4 Ba7 11.Na3 O-O 12.Nc2 Ne5 13.Qe2 Nxd3 14.Qxd3 dxc3 15.dxc3 b5
16.a4 Bb7 17.axb5 axb5 18.Nd4 Bxd4 19.Qxd4 Qg5 20.f3 Bc6 21.Ra5 h6 22.Bc1 Qg6
23.Bf4 f5 24.Bd6 Rxa5 25.bxa5 Ra8 26.exf5 Qxf5 27.Ra1 Qg5 28.Kf2 Ra6 29.Bc7 Qe7
30.h4 Qe8 31.Re1 Qg6 32.Rh1 Qc2+ 33.Kg1 Qb1+ 34.Kh2 Qc2 35.Kg3 Bd5 36.Bb6 Ra8
37.Rh3 Rc8 38.Bc5 Qf5 39.Kh2 Bxf3 40.Rg3 e5 41.Qe3 Qf4 42.gxf3 Qxh4+ 43.Kg2 Qf4
44.a6 Qxe3 45.Bxe3 Rxc3 46.Bxh6 Rc2+ 47.Kg1 Kh7 48.Bxg7 Ra2 49.Bxe5 Rxa6
50.Rg7+ Kh6 51.Rxd7  1-0

[Event "Rubinstein mem"]
[Site "Polanica Zdroj"]
[Date "1993.??.??"]
[Round "5"]
[White "Romanishin, Oleg M"]
[Black "Markowski, Tomasz"]
[Result "1/2-1/2"]
[WhiteElo "2615"]
[BlackElo "2465"]

1.e4 c5 2.Nf3 Nc6 3.Bb5 e6 4.Bxc6 bxc6 5.O-O Ne7 6.d3 Ng6 7.Nc3 Be7 8.Ne2 d6
9.Re1 O-O 10.c3 Qb6 11.Ng3 f6 12.Qc2 Rb8 13.b3 a5 14.Rb1 Bd7 15.Bd2 Qa6 16.c4 Ra8
17.d4 cxd4 18.Nxd4 c5 19.Nde2 Ne5 20.f4 Nc6 21.f5 e5 22.Nc3 Rf7 23.Qd1 Nd4
24.Re3 a4 25.Nf1 axb3 26.axb3 Bf8 27.Rg3 Rb8 28.Ne3 Bc6 29.Ng4 Kh8 30.Nf2 Rfb7
31.Ra1 Qb6 32.Rb1 Qc7 33.Nd5 Bxd5 34.cxd5 Qd7 35.Rh3 Qe8 36.g4 Qb5 37.Re3 Ra7
38.g5 fxg5 39.Qh5 h6 40.Kh1 Qe8 41.Qg4 Ra2 42.Qd1 c4 43.b4 Nb3 44.Be1 Rba8
45.Rh3 Qa4 46.f6 Ra1 47.Bc3 Rxb1 48.Qxb1 Qa2 49.Qxa2 Rxa2 50.Ng4 Nd4 51.Ne3 Nb5
52.Nxc4 Rc2 53.Bxe5 Rxc4 54.fxg7+ Bxg7 55.Rxh6+ Kg8 56.Bxg7 Kxg7 57.Re6 Rxb4
58.e5 dxe5 59.d6 Nd4 60.Rxe5 Kf6 61.d7 Nc6 62.Re8 Rd4 63.Rc8  1/2-1/2

[Event "Polanica Zdroj op"]
[Site "Polanica Zdroj"]
[Date "1993.??.??"]
[Round "5"]
[White "Przedmojski, Rafal"]
[Black "Zezulkin, Jurij"]
[Result "1/2-1/2"]
[WhiteElo "2310"]
[BlackElo "2415"]

1.e4 c5 2.Nf3 Nc6 3.Bb5 d6 4.O-O Bd7 5.Re1 a6 6.Bf1 g6 7.c3 Bg7 8.h3 e5 9.Na3 Nge7
10.Nc2 Qb6 11.b4 O-O 12.bxc5 dxc5 13.Ba3 Qa5 14.Ne3 Qb6 15.Nd5 Qa7 16.Nxe7+ Nxe7
17.d4 exd4 18.cxd4 b6 19.Rc1 Nc6 20.dxc5 b5 21.Qc2 Be6 22.Rcd1 Rfc8 23.e5 Rab8
24.Rd6  1/2-1/2

[Event "Polanica Zdroj op"]
[Site "Polanica Zdroj"]
[Date "1993.??.??"]
[Round "10"]
[White "Malisauskas, Vidmantas"]
[Black "Zezulkin, Jurij"]
[Result "1-0"]
[WhiteElo "2540"]
[BlackElo "2415"]

1.e4 c5 2.Nf3 Nc6 3.Bb5 d6 4.d4 cxd4 5.Qxd4 Bd7 6.Bxc6 Bxc6 7.Nc3 e6 8.Bg5 Qb6
9.O-O-O Qxd4 10.Nxd4 Be7 11.Bxe7 Kxe7 12.Rhe1 Nf6 13.e5 dxe5 14.Nxc6+ bxc6
15.Rxe5 Rhd8 16.Rxd8 Rxd8 17.Ra5 Rd7 18.Na4 Ng4 19.Nc5 Rc7 20.Nd3 Nf6 21.f3 Nd7
22.Kd2 f6 23.c4 e5 24.Ke3 Nf8 25.Nc5 g6 26.b4 Ne6 27.Nxe6 Kxe6 28.g4 h5 29.h3 h4
30.Ra6 Ke7 31.Ke4 Ke6 32.Ke3 Ke7 33.f4 exf4+ 34.Kxf4 Kf7 35.Ke4 Kg7 36.Kd4 Rd7+
37.Kc5 f5 38.gxf5 gxf5 39.Kxc6 Rf7 40.Ra3 f4 41.Rf3 Kg6 42.c5 Kf5 43.b5 Ke4
44.Rf1 Rf6+ 45.Kb7 Rf5 46.b6 axb6 47.c6 Rf7+ 48.c7 Ke3  1-0

[Event "RL-op"]
[Site "Polch"]
[Date "1993.??.??"]
[Round "?"]
[White "Froembgen, Wolfgang"]
[Black "Mueller, Ma"]
[Result "1-0"]
[WhiteElo "1875"]
[BlackElo "1755"]

1.e4 c5 2.Nf3 Nc6 3.Bb5 g6 4.O-O Bg7 5.Re1 e5 6.c4 Nge7 7.d3 O-O 8.Nc3 a6
9.Bxc6 bxc6 10.g3 d6 11.Nh4 f5 12.f4 fxe4 13.dxe4 exf4 14.Bxf4 Rxf4 15.gxf4 Bd4+
16.Kg2 Nd5 17.cxd5 Qxh4 18.Qf3 Bg4 19.Qg3 Qh5 20.dxc6 Rf8 21.Nd5 g5 22.h3 Rb8
23.Rab1  1-0

[Event "Policka"]
[Site "Policka"]
[Date "1993.??.??"]
[Round "2"]
[White "Zigura, Oleg"]
[Black "Koerholz, Ludger"]
[Result "1-0"]
[WhiteElo "2310"]
[BlackElo "2295"]

1.e4 c5 2.Nf3 Nc6 3.Bb5 g6 4.O-O Bg7 5.c3 Nf6 6.Qe2 O-O 7.e5 Ne8 8.d4 cxd4
9.cxd4 Nc7 10.Ba4 d6 11.h3 dxe5 12.dxe5 Nd4 13.Qe4 Nxf3+ 14.Qxf3 Qd4 15.Nc3 Qxe5
16.Bf4 Qa5 17.Rfd1 e5 18.Bg5 Be6 19.Be7 e4 20.Qxe4 Rfc8 21.Bd7 Bxd7 22.Rxd7 Qe5
23.Qf3 Qe6 24.Rad1 Qc6 25.Ne4 Ne6 26.Bf6 Rf8 27.Bxg7 Kxg7 28.Qf6+ Kg8 29.Qe5 h6
30.Nf6+ Kh8 31.R7d6 Qc4 32.Ne8+ f6 33.Nxf6 Qf4 34.Qxe6  1-0

[Event "Policka"]
[Site "Policka"]
[Date "1993.??.??"]
[Round "9"]
[White "Apel, Stefan"]
[Black "Koerholz, Ludger"]
[Result "1-0"]
[WhiteElo "2250"]
[BlackElo "2295"]

1.e4 c5 2.Nf3 Nc6 3.Bb5 g6 4.O-O Nf6 5.Nc3 Bg7 6.e5 Ng4 7.Bxc6 bxc6 8.Re1 O-O
9.h3 Nh6 10.Ne4 d6 11.exd6 exd6 12.d4 cxd4 13.Bg5 Qc7 14.Nf6+ Kh8 15.Ne8 Qb6
16.Nxg7 Kxg7 17.Be7 c5 18.Bxf8+ Kxf8 19.c3 dxc3 20.Qc1 Ng8 21.Qxc3 h6 22.Nd2 Bb7
23.Nc4 Qc7 24.Qg3 Nf6 25.Qxd6+ Qxd6 26.Nxd6 Bd5 27.b3 Rb8 28.Rad1 Rb4 29.Ne8  1-0

[Event "POR-ch"]
[Site "?"]
[Date "1993.??.??"]
[Round "6"]
[White "Leonardo, Joao"]
[Black "Ribeiro, Fernando"]
[Result "1/2-1/2"]
[WhiteElo "2255"]
[BlackElo "2185"]

1.e4 c5 2.Nf3 Nc6 3.Bb5 g6 4.Bxc6 dxc6 5.O-O Bg7 6.Re1 Nf6 7.e5 Nd5 8.d3 O-O
9.h3 h6 10.Nbd2 Be6 11.Ne4 b6 12.Bd2 Qd7 13.Qc1 Kh7 14.Re2 Nc7 15.Bf4 Rad8
16.Qe1 Nb5 17.a4 Nd4 18.Nxd4 cxd4 19.a5 c5 20.b3 Bd5 21.Qd2 Qc6 22.axb6 axb6
23.Ra7 Rd7 24.Ra1 Ra8 25.Rxa8 Qxa8 26.Kh2 Ra7 27.f3 Ra2 28.b4 Qc6 29.bxc5 bxc5
30.Qd1 Bxe4 31.Rxe4 e6 32.Qd2 h5 33.Qf2 Qa4 34.Re2 Kg8 35.Bg5 Ra1 36.f4 Qa2
37.Qf3 Qb1 38.Qc6 Qf1 39.Qe8+ Kh7 40.Qxf7 Qxe2  1/2-1/2

[Event "POR-chT"]
[Site "?"]
[Date "1993.??.??"]
[Round "2"]
[White "Fernandes, Antonio"]
[Black "Antunes, Antonio"]
[Result "0-1"]
[WhiteElo "2455"]
[BlackElo "2425"]

1.e4 c5 2.Nf3 Nc6 3.Bb5 g6 4.O-O Bg7 5.Qe2 e5 6.c3 Nge7 7.d3 O-O 8.Bg5 h6
9.Bxc6 bxc6 10.Be3 d6 11.d4 exd4 12.cxd4 d5 13.e5 cxd4 14.Bxd4 Re8 15.Nbd2 Nf5
16.Qd3 Nxd4 17.Qxd4 Qb6 18.Rac1 Ba6 19.Rfd1 Rac8 20.Qc3 c5 21.Re1 Bb7 22.Qc2 Bf8
23.Re3 c4 24.Ree1 Bc5 25.Nb1 d4 26.Qxc4 Bb4 27.Qxd4 Bxe1 28.Rxe1 Qxd4 29.Nxd4 Rxe5
30.Rd1 Rce8 31.Nc2 Re2 32.Nba3 Rc8 33.Ne3 Rxb2 34.Nac4 Rxa2 35.h4 h5 36.Nd6 Rd8
37.Rd4 Bc6 38.Kh2 Rxf2 39.Nec4 Rxg2+ 40.Kh3 Rg4 41.Rxg4 hxg4+ 42.Kxg4 Bd5  0-1

[Event "POR-chT"]
[Site "?"]
[Date "1993.??.??"]
[Round "4"]
[White "Leonardo, Joao"]
[Black "Antunes, Antonio"]
[Result "1/2-1/2"]
[WhiteElo "2245"]
[BlackElo "2425"]

1.e4 c5 2.Nf3 Nc6 3.Bb5 g6 4.Bxc6 bxc6 5.O-O Bg7 6.Re1 Nf6 7.e5 Nd5 8.c4 Nc7
9.d4 cxd4 10.Qxd4 Ne6 11.Qh4 O-O 12.Bh6 f6 13.Bxg7 Kxg7 14.Nbd2 f5 15.Ng5 Nxg5
16.Qxg5 Rb8 17.b3 c5 18.Rad1 Bb7 19.Qe3 Qc7 20.Nf3 h6 21.Rd2 Rbd8 22.Qc3 Kh7
23.Re3 f4 24.Re1 Rf5 25.Rde2 Rdf8 26.Qd3 Bc6 27.Qc3 Qd8 28.Rd2 Qc7 29.Rd3 Rh5
30.b4 Bxf3 31.gxf3 e6 32.Qd2 Rf7 33.bxc5 Qd8 34.Kf1 Rxh2 35.c6 Qg5 36.c7 Rh1+
37.Ke2 Qxe5+ 38.Kd1 Rxe1+ 39.Qxe1 Qxc7 40.Qe4 h5 41.Ke2 Qc5 42.Rd1 a5 43.Kf1 Kg7
44.Kg2 Kh6 45.Rb1 Qf5 46.Qe1 Qg5+ 47.Kh3 Qf5+ 48.Kg2 Qg5+ 49.Kh3 Rf5 50.Rb7 Re5
51.Qd2 Qf5+ 52.Kg2 Kg5 53.Qd1 Rc5 54.Qxd7 Kh4 55.Qe7+ Qg5+ 56.Qxg5+ Kxg5
57.Rb5 Rf5 58.a4 Kf6 59.c5 Rd5 60.Rxa5 Rd4 61.Ra8 Rc4 62.a5 Rxc5 63.a6 Ra5
64.a7 Kg5 65.Kh3 Ra2 66.Kg2 Ra3 67.Kg1 Kh4 68.Kg2 g5 69.Re8 Rxa7 70.Rxe6 Ra2
71.Rf6 Ra3 72.Rf8 Ra4 73.Rh8 Rb4 74.Rh7 Rb8 75.Rf7 Ra8 76.Rf6 Ra1 77.Rf8 Ra3
78.Rf7 g4 79.Rxf4 Rxf3 80.Rxf3 gxf3+ 81.Kxf3 Kh3 82.Kf4 h4 83.Kg5 Kg2 84.Kxh4 Kxf2  1/2-1/2

[Event "Porz Citroen-Cup"]
[Site "Porz"]
[Date "1993.??.??"]
[Round "2"]
[White "Watson, William N"]
[Black "Kharlov, Andrei"]
[Result "1/2-1/2"]
[WhiteElo "2550"]
[BlackElo "2535"]

1.e4 c5 2.Nf3 Nc6 3.Bb5 d6 4.O-O Bd7 5.c3 Nf6 6.Re1 a6 7.Ba4 b5 8.Bc2 Bg4
9.h3 Bxf3 10.Qxf3 g6 11.a4 Bg7 12.axb5 axb5 13.e5 Rxa1 14.exf6 Bxf6 15.Qxf6 O-O
16.Qf3 d5 17.d4 cxd4 18.Bh6 Re8 19.Bb3 e6 20.g3 b4 21.Kg2 dxc3 22.bxc3 Na5
23.Bxd5 Rxb1 24.Rxb1  1/2-1/2

[Event "Porz op29"]
[Site "Porz"]
[Date "1993.??.??"]
[Round "9"]
[White "Ottens, Stephan"]
[Black "Hilmer, Frank"]
[Result "1/2-1/2"]
[WhiteElo "2330"]
[BlackElo "1930"]

1.e4 c5 2.Nf3 Nc6 3.Bb5 d6 4.O-O Bd7 5.Re1 Nf6 6.c3 a6 7.Bxc6 Bxc6 8.d4 Bxe4
9.Bg5 Bd5 10.Nbd2 e6 11.c4 Bxf3 12.Qxf3 cxd4 13.Bxf6 gxf6 14.Qxb7 Qc8 15.Qd5 Bg7
16.Qxd4 O-O 17.Re3 Qc5 18.Qd3 f5 19.Rd1 Kh8 20.Nb3 Qc7 21.Nd4 Rg8 22.Rh3 Bf6
23.b3 Rg4 24.Qe3 Rg6 25.Ne2 Be5 26.Nf4 Rg4 27.Nd3 Rag8 28.g3 f6 29.f4 Bc3
30.Nf2 Bb4 31.Qxe6 Rxf4 32.Nd3 Bc5+ 33.Kg2 Qb7+ 34.Qd5 Qxd5+ 35.cxd5 Rd4
36.Nb2 Re4 37.Nc4 Rge8 38.Rd2 Bb4 39.Rf2 Be1 40.Rxf5 Re2+ 41.Kf3 Rxa2 42.Nxd6 Ree2
43.Ne4 Reb2 44.Nxf6 Rxb3+ 45.Ke4 Rb7 46.d6 Bc3 47.Nd5 Ra4+ 48.Kf3 Bg7 49.Rhh5 Rd7
50.Nf6 Bxf6 51.Rxf6 Rd4 52.Rhh6 Kg7 53.Re6 Rd1 54.h4 a5 55.Ke2 Rd5 56.g4 a4
57.Rhf6 a3 58.g5 a2 59.h5 Rd8 60.Re7+ Kg8 61.Ra7 R5xd6 62.Rxd6 Rxd6 63.Rxa2 Rd5
64.Ra8+ Kf7 65.Ra7+ Kg8  1/2-1/2

[Event "Porz Citroen-Cup"]
[Site "Porz"]
[Date "1993.??.??"]
[Round "9"]
[White "Seul, Georg"]
[Black "Kharlov, Andrei"]
[Result "1/2-1/2"]
[WhiteElo "2425"]
[BlackElo "2535"]

1.e4 c5 2.Nf3 Nc6 3.Bb5 g6 4.O-O Bg7 5.Bxc6 bxc6 6.Re1 f6 7.c3 Nh6 8.d4 cxd4
9.cxd4 Nf7 10.Nc3 O-O 11.Be3 d6 12.h3 Bd7 13.Rc1 Qa5 14.b3 Qa6 15.Qd2 Rae8
16.Nh2 f5 17.exf5 Bxf5 18.Nf3 Qa5 19.Ng5 Bd7 20.Nge4 h6 21.Ng3 Kh7 22.Nge4 Nd8
23.Red1 Rf5 24.Ng3 Rf7 25.Nge4 Ref8 26.d5 c5 27.Ng3 Qb4 28.Nce4 a5 29.Qd3 Qb7
30.a4 Bc8 31.Nd2 Qc7 32.Nc4 Nb7 33.Re1 e5 34.Re2 Bf5 35.Ne4 Bf6 36.Bd2 Bd8
37.Qe3 g5 38.f3 Bxh3 39.Rf1 Bf5 40.g4 Bxg4 41.Rh2 Rxf3 42.Rxf3 Rxf3 43.Nxg5+ Bxg5
44.Qe4+ Rf5 45.Qxg4 Qf7 46.Bxg5 Rf1+ 47.Kg2 Rf2+ 48.Kg1 Rxh2 49.Kxh2 hxg5
50.Qxg5 Qxd5 51.Qh5+ Kg7 52.Qg5+ Kf7 53.Qh5+ Kf8 54.Qh6+ Ke7 55.Qh4+  1/2-1/2

[Event "Porz op29"]
[Site "Porz"]
[Date "1993.??.??"]
[Round "9"]
[White "Leissner, Boris"]
[Black "Schneider, Igor"]
[Result "0-1"]
[WhiteElo "1930"]
[BlackElo "2220"]

1.e4 c5 2.Nf3 Nc6 3.Bb5 e6 4.c3 Nge7 5.d4 a6 6.Bxc6 Nxc6 7.d5 Ne7 8.O-O Ng6
9.a4 b6 10.Qb3 d6 11.Na3 Be7 12.Nc4 Rb8 13.a5 exd5 14.exd5 b5 15.Nb6 Bg4
16.Nd2 O-O 17.Qc2 Bg5 18.h3 Bxd2 19.Bxd2 Bd7 20.b3 Be8 21.Rfe1 f6 22.f4 Bf7
23.c4 b4 24.f5 Ne5 25.Bf4 Rb7 26.Re2 Re7 27.Rae1 g6 28.Bxe5 Rxe5 29.Rxe5 fxe5
30.Rf1 Be8 31.g4 Qg5 32.Kh1 h5 33.Qe4 hxg4 34.Qxg4 Qxg4 35.hxg4 gxf5 36.gxf5 Bh5
37.Nd7 Rf7 38.Nb8 Kg7 39.f6+ Kf8 40.Nc6 e4 41.Nd8 Bf3+ 42.Kh2 Rxf6 43.Ne6+ Ke7
44.Ng5 Bh5 45.Re1 Rf2+ 46.Kg3 Re2 47.Rh1 Bg6 48.Rh8 Re3+ 49.Kf4 Rxb3 50.Nxe4 Rb1
51.Rh6 Rf1+ 52.Kg5 Bxe4 53.Re6+ Kd7 54.Rxe4 Ra1 55.Kf6 Rxa5 56.Re7+ Kc8 57.Ke6 b3
58.Kxd6 b2 59.Kc6 Kd8 60.Rb7 Rb5 61.cxb5 b1=Q 62.Rb8+ Ke7 63.d6+ Ke6 64.Re8+ Kf7
65.Re7+ Kf6 66.bxa6 c4 67.Re3 Qa1 68.Kb7 Qb2+ 69.Kc8 Qb6  0-1

[Event "CRO-Cup"]
[Site "Pula"]
[Date "1993.??.??"]
[Round "6"]
[White "Cvorovic, Drazen"]
[Black "Kozul, Zdenko"]
[Result "0-1"]
[WhiteElo "2395"]
[BlackElo "2550"]

1.e4 c5 2.Nf3 Nc6 3.Bb5 Na5 4.c3 a6 5.Ba4 e6 6.O-O b5 7.Bc2 Bb7 8.d3 Nf6
9.Re1 Be7 10.Nbd2 d5 11.e5 Nd7 12.d4 b4 13.cxb4 cxb4 14.b3 Nc6 15.Nf1 a5
16.g4 Ba6 17.Ng3 Qb6 18.Be3 Na7 19.Nd2 Nb5 20.Qf3 Nxd4 21.Qf4 Qc7 22.Bf5 Nc6
23.Rac1 g5 24.Qd4 Nxd4 25.Rxc7 Nb5  0-1

[Event "CRO-Cup"]
[Site "Pula"]
[Date "1993.??.??"]
[Round "6"]
[White "Balenovic, Zvonimir"]
[Black "Palac, Mladen"]
[Result "0-1"]
[WhiteElo "2275"]
[BlackElo "2485"]

1.e4 c5 2.Nf3 Nc6 3.Bb5 e6 4.O-O Nge7 5.b3 a6 6.Bxc6 Nxc6 7.Bb2 b5 8.Re1 Bb7
9.d3 d6 10.Nbd2 e5 11.Nf1 g6 12.Ne3 Bg7 13.c4 b4 14.Nd5 Ne7 15.Nxe7 Qxe7
16.Nd2 O-O 17.Nf1 f5 18.f3 a5 19.Qe2 a4 20.Red1 Bc6 21.Qd2 f4 22.Qe2 h5 23.Qf2 g5
24.Qe2 Bd7 25.Rdb1 a3 26.Bc1 g4 27.Bd2 Rf6 28.Be1 Rg6 29.Nd2 Kh8 30.Kh1 Rg8
31.Bf2 g3 32.hxg3 fxg3 33.Be3 Qh4+ 34.Kg1 Qh2+ 35.Kf1 Qh1+ 36.Bg1 h4 37.f4 Bg4
38.Nf3 exf4 39.Ke1 Bxf3 40.Qxf3 Qxg1+ 41.Ke2 Qf2+  0-1

[Event "CRO-Cup"]
[Site "Pula"]
[Date "1993.??.??"]
[Round "8"]
[White "Balenovic, Zvonimir"]
[Black "Mufic, Goran"]
[Result "1/2-1/2"]
[WhiteElo "2275"]
[BlackElo "2335"]

1.e4 c5 2.Nf3 Nc6 3.Bb5 g6 4.O-O Bg7 5.c3 a6 6.Bxc6 dxc6 7.d3 e5 8.Be3 Qe7
9.h3 Be6 10.Ng5 Bc8 11.Qb3 Nh6 12.Qb6 Bf8 13.Nd2 f6 14.Ngf3 Be6 15.Nc4 Rd8
16.Rfd1 Rd7 17.Na5 Nf7 18.c4 Qd8 19.Bxc5 Bxc5 20.Qxc5 Nd6 21.Nb3 Nxc4 22.Rdc1 Nd6
23.Qb4 Bxb3 24.Qxb3 Qe7 25.a4 Qf7 26.Qa3 O-O 27.Nd2 Ne8 28.Rc3 Ng7 29.Nb3 Ne6
30.Nc5 Nxc5 31.Qxc5 Rfd8 32.Raa3 Qe7 33.Qxe7 Rxe7 34.Rab3 Rd4 35.Rc4 Rxc4
36.dxc4 Rd7 37.f3 a5 38.Kf1 Kf7 39.Ke2 Ke7 40.c5 Kd8 41.Rd3 Rxd3 42.Kxd3 g5
43.Kc4 Kc7 44.b4 Kb8 45.Kd3 axb4 46.Kc4 h5 47.g3 h4 48.gxh4 gxh4 49.Kxb4 Ka8
50.Kc4 Ka7 51.Kc3 Kb8 52.Kd3 Ka7 53.Kd2 Ka6 54.Kc3 Ka7 55.Kc4 Kb8 56.Kb4 Ka8  1/2-1/2

[Event "Ramat Hasharon"]
[Site "Ramat Hasharon"]
[Date "1993.??.??"]
[Round "3"]
[White "Boim, Inon"]
[Black "Slutzky, Leonid"]
[Result "1-0"]
[WhiteElo "2365"]
[BlackElo "2230"]

1.e4 c5 2.Nf3 Nc6 3.Bb5 g6 4.O-O Bg7 5.c3 Nf6 6.Re1 O-O 7.d3 d6 8.Nbd2 Bd7
9.Nf1 a6 10.Ba4 b5 11.Bc2 Ne8 12.Ne3 Nc7 13.d4 cxd4 14.cxd4 Rc8 15.a3 Na8
16.b3 Nb6 17.Bb2 a5 18.Bd3 Na7 19.Qe2 Qc7 20.Rac1 Qb7 21.h4 Rxc1 22.Rxc1 Rc8
23.Rxc8+ Qxc8 24.h5 Be6 25.d5 Bd7 26.Bxg7 Kxg7 27.Qd2 a4 28.b4 f6 29.hxg6 hxg6
30.Nd4 Qc7 31.Be2 Qc8 32.f4 Qc7 33.Bg4 Nc4 34.Qc3 Bxg4 35.Nxg4 Qb6 36.Kh2 Kf7
37.Ne6 Qb8 38.Qh3 Qc8 39.Qh7+ Ke8 40.Qxg6+ Kd7 41.Nxf6+  1-0